000 01224nam0a22003251 4500
001 rc\3793490
005 20120311163840.1
021 _aRU
_b[75-104546]
035 _a(NLR Aleph) 007252975
090 _a5225150
_c5225150
100 _a20120311d1975 |||y0rusy50 ca
101 0 _arus
102 _aRU
105 _ay z |||||
200 1 _aБиологическая терапия психических заболеваний
_f[Авруцкий Г.Я., Вовин Р.Я., Личко А.Е., Смулевич А.Б.]
210 _aЛенинград
_cМедицина. Ленингр. отд-ние
_d1975
215 _a311 с.
_d22
300 _aРез. на англ. яз.
320 _aСписок лит.: с. 295-304
606 _aПсихические болезни
_xЛечение
_2psbo
701 1 _aЛичко
_bЕ. А.
701 1 _aСмулевич
_bА. Б.
_f1931-
_gАнатолий Болеславович
_3RU\NLR\AUTH\7719388
701 1 _aВовин
_bР. Я.
701 1 _aАвруцкий
_bГ. Я.
_gГригорий Яковлевич
801 0 _aRU
_bNLR
_gpsbo
801 1 _aRU
_bELAR
_2rusmarc
852 _aNLR
_j75-5/1197
852 _aNLR
_jМф К1/16951
942 _cBOOK
980 _aNB